000 00549nam a2200181 i 4500
001 55722
003 ES-MaACL
005 20230906163215.0
007 t|
008 030925s1917 fr ||||1| fre d
100 1 _aDevaux, A.
_943990
245 1 0 _aEtudes de psychologie morbide
_b: les anxieux /
_cetude clinique par A. Devaux et Logre ; preface du Dupré.
260 _aParis :
_b[s.n.],
_c1917 (
_eChartres :
_fDurand)
300 _aXVI, 300 p. ;
_c21 cm.
700 1 _aLogre.
_973127
700 1 _aDupré.
_946117
852 _aES-MaACL
_jB-11750
999 _c55722
_d55722